000 00646nam a22002297i 4500
999 _c162671
_d162671
003 OSt
005 20180821085522.0
007 ta
008 180704s2016 cc ao||j |||| 00| 0 chi d
040 _aPPAK
_beng
_cPPAK
_erda
082 _223
_a398.20951
090 _a398.20951
_bSUM
_dK
100 _aSu, Mei,
_eauthor
245 _aTou shang de fanqie :
_bshidao xihongshi /
_cSu Mei
264 _aWuhan :
_bChang Jiang Publication,
_c2016
300 _a31 pages :
_bcolour photograph ;
_c24 cm
336 _2rdacontent
_atext
337 _2rdamedia
_aunmediated
338 _2rdacarrier
_avolume
650 _aFairy tales, Chinese
942 _2ddc
_cB